| 000 | 00423cam a2200157ua 4500 | ||
|---|---|---|---|
| 041 |
_aeng _h |
||
| 082 |
_a828.09 _bMAR/ST |
||
| 100 | _aMarshall, William H . | ||
| 245 |
_aStructure of Byron`s major poems / _cWilliam H Marshall. _hTextual Documents |
||
| 250 |
_a1 / _b. |
||
| 260 |
_aPhilodalphia : _bUniversity of Pensylvania press , _c1962. |
||
| 300 | _a191 ; . | ||
| 504 | _a | ||
| 942 | _cBK | ||
| 999 |
_c6827 _d6827 |
||